name the spy school character (stuart gibbs) - Statistics

General Stats
  • This quiz has been taken 17 times
    6 since last reset
  • The average score is 23 of 34
Answer Stats
Hint Answer % Correct
The first spy introduced in the books, who is the Ice Queens father—and a total fraud. (FA: SS) Alexander Hale
100%
The main character; 'Smokescreen'. (FA: SS) Benjamin Ripley
100%
The fifth-year student at AOE who bullies Smokescreen to start, but then becomes friends with him and aids him often. (FA: SS) Chip Schacter
100%
The grand-father of Ice Queen, one of the CIA's best agents despite his old age. (FA: SC) Cyrus Hale
100%
Smokescreens girlfriend; 'Ice Queen'. (FA: SS) Erica Hale
100%
Smokescreens best friend before he went to AOE (the Academy of Espionage), who soon joined AOE after proving himself during SSS. (FA: SS) Mike Brezinski
100%
The main antagonist in SSBI who is said to be the true leader of SPYDER. (FA: SSBI) Mr E / Mrs E
100%
The traitor of the Spy School friend group who was jealous of Smokescreen—great at camouflage. (FA: SS) Warren Reeves
100%
Smokescreens closest friend in Spy School—works for DADD—all the villains have crushes on her. (FA: SS) Zoe Zibbell
100%
The principal of the Academy of Espionage. (FA: SS) Barnabus Sidebottom
80%
The mother of Ice Queen, a top agent at MI6—who makes the best cookies and tea. (FA: SSSS) Catherine Hale
80%
A highly athletic student at AOE who would be the best in the school if not for Ice Queen, who befriends Smokescreen and helps him on occasion. (FA: SC) Jawaharlal (Jawa) O'Shea
80%
One of the higher ups in SPYDER, who Ice Queen had a crush on before he turned. (FA: SS) Joshua Hallal
80%
Smokescreens sworn enemy, who is known for being quite a slob; 'Washout'. (FA: SS) Murray Hill
80%
The sister of Ice Queen, an untrained spy in the Hale family but quite helpful in missions. (FA: SSR) Trixie Hale
80%
The gymnast who turned to SPYDER after missing the cut for the Olympic gymnastics team by half a point. (FA: ESS) Ashley Sparks
60%
The large bodyguard of whoever pay him, (Washout and ↑'s family included,) who cannot be killed. (FA: SSS) Dane Brammage
60%
The daughter of ↑, who has a huge crush on both Smokescreen and his best friend. (FA: SSS) Jessica Shang
60%
The rich Chinese man, the main protagonist of Spy Ski School—who despises Smokescreen. (FA: SSS) Leo Shang
60%
The grand-mother of Ice Queen, and analyst in the CIA who is very helpful during missions despite not being a spy. (FA: SSPX) Mary Hale
60%
The boy who's name convinced him he had to be evil, but truly was a nice guy who's good at video games and ends up saving the world. (FA: ESS) Nefarious Jones
60%
The family that Smokescreen and Ice Queen pretend to be to get around in SSGS, who is known to greet their family members with big hugs and shouting their last name. (FA: SSGS) The Farkle Family
60%
The counselor at Spy Camp, who is quite the outdoorsy man. (FA: SSC) Woodchuck Wallace
60%
The first cousin of the indestructible bodyguard, who is actually a good guy. (FA: SSAS) Bjorn Turok
40%
The older brother of the fifth-year bully, who is the leader of Smokescreen's Cabin and tries to make them suffer. (FA: SSC) Hank Schacter
40%
The leader of the Croatoan, who tricks Smokescreen by working for DADD. (FA: SSR) Heather Durkee (El Capitain)
40%
The father of ↑, one of Cyrus's enemies who is manipulated by the Croatoan into thinking America took Alaska's land without paying. (FA: SSGN) Ivan Shumovsky
40%
The co-leader of DADD, who is framed for being the leader of the Croatoan based off her name being an anagram for it. (FA: SSR) Nora Taco
40%
One of the best hackers in the world who's insanely rich—and can never remember what he buys. (FA: SSBI) Orion
40%
The main protagonist in SSGW, who tricks Washout into kidnapping Smokescreen, who wants to kill him because of everything he had done to his family, the Shang's. (FA: SSGW) Rufus Shang
40%
The Russian spy who has the same abilities as Ice Queen, who turns away from her evil father to aid Smokescreen and his friends after developing a crush on one of them. (FA: SSGN) Svetlana Shumovsky
40%
The evil bodyguard of the great hacker who uses him to get rid of all the electric power on Earth. (FA: SSB) Virgo
40%
The mother of the Shang family, who is as evil as her husband. (FA: SSAS) Shayla Shang
20%
The bodyguard of ↑, who is indeed evil and the second cousin of the unkillable bodyguard for the Shang's. (FA: SSGW) Soren Swollen
20%
No matching quizzes found
Score Distribution
Percent of People with Each Score
Percentile by Number Answered
Your Score History
You have not taken this quiz since the last reset